Repertorium ksiąg wizytacyjnych diecezji kujawsko-pomorskiej przechowywanych w Archiwum Diecezjalnym we Włocławku

Titel: Repertorium ksiąg wizytacyjnych diecezji kujawsko-pomorskiej przechowywanych w Archiwum Diecezjalnym we Włocławku : Cz. 2: Wizytacje XVIII wieku. Z. 1: Wizytacje pierwszej połowy XVIII wieku
Verfasser:
In: Archiwa, biblioteki i muzea kóscielne, Band 71 (1999), Seite 141-252
alle Artikel anzeigen
Veröffentlicht: 1999
Format: Aufsatz
Sprache: Polnisch
Kein Bild verfügbar
X
alg: 39359744
001A    $01999:12-11-16 
001B    $03025:18-04-24 $t14:22:41.000 
001D    $01999:12-11-16 
001U    $0utf8 
001X    $00 
002@    $0Aox 
003@    $039359744X 
007A    $039359744X $aHEB 
007T    $0Herdt12113 
010@    $apol 
011@    $a1999 
021A    $aRepertorium ksiąg wizytacyjnych diecezji kujawsko-pomorskiej przechowywanych w Archiwum Diecezjalnym we Włocławku $dCz. 2: Wizytacje XVIII wieku. Z. 1: Wizytacje pierwszej połowy XVIII wieku 
028A    $71326613898 $8Kujawski, Witold$Z1938-2021 [Tp3] $9517267446 
031A    $d71 $h141-252 $j1999 
037A    $aT. 1 ebenda 68 (1997), 27-161 
037A    $aCz. 1 tenże 68 (1997), 27-161  
037A    $adt. Res. 252: Das Verzeichnis der im Diözesanarchiv in Włocławek aufbewahrten Visitationsbücher der Diözese von Kujawien-Pommern [recte: Kujawien-Pommerellen]. T. 2: Visitation im 18. Jahrhundert. H. 1: Visitationen in der ersten Hälfte des 18. Jahrhunderts 
039B    $aIn $8--Abvc--. Archiwa, biblioteki i muzea kóscielne. - Lublin, 1959-. - ISSN 0518-3766 $x199900000710000859 $9047372273 
045F    $a907.209438 $eDDC23BSB 
045F/01 $a907.2 
045F/03 $g438 
045F/03 $g4382 
045F/03 $g43849 
045T    $aOST $qDE-12 $2FID 
045T    $a1 $a7,41 
045T    $aTHEO $qDE-21 $2FID 

lok: 39359744 78

exp: 39359744 78 1 #EPN
201B/01 $008-06-18 $t02:30:31.000 
201U/01 $0utf8 
203@/01 $0789707918 
208@/01 $a12-11-16 $be 
209A/01 $a/ $f000 $x00 
220C/01 $aTitelaufnehmer: uz 
220C/01 $aHerkunft: UMK/BU Toruń 
244Z/01 $2Trx $#Prusy Wschodnie i Zachodnie $8--Trx--Ost- und Westpreußen $x01 $939113373X 
244Z/01 $2Trx $#Poola $#Lenkija $#Polija $#Polen Land $#Poland $#Lengyelország $#Poľsko $#Polsko $8--Trx--Polska$gkraj $x02 $9391345966 
244Z/01 $2Trx $#Großpolen $#Greater Poland $#Velkopolsko $8--Trx--Wielkopolska $x03 $9391277227 
244Z/01 $2Trx $#Leslau Bistum $8--Trx--Włocławek$gdiecezja $x04 $9391298267 
244Z/01 $#Kujawy $74073862-0 $8--Tg1--Kujawien $x05 $9085207969 
244Z/01 $2Trx $#Kujawien-Pommerellen Bistum $#Diecezja Kujawsko-Pomorska $8--Trx--Kujawy-Pomorze$gdiecezja $x06 $9391165828 
244Z/01 $2Trx $#arhiivid kiriklik $#bažnyčių archyvai $#Archives church $#levéltárak egyházi $#archiwa kościelne $#archívy cirkevné $#archivy církevní $8--Trx--Archive$gkirchliche $x07 $9391362550 
244Z/01 $2Trx $#kirikuvisitatsioonid $#bažnyčių vizitacijos $#church visitations $#egyházi vizitációk $#wizytacje kościołów $#vizitácie cirkevné $#vizitace církevní $#Visitationen $#vizitácie $8--Trx--Kirchenvisitationen $x08 $9391359053 
244Z/01 $2Trx $#piiskopkonnad $#vyskupijos $#diocese $#püspökségek $#biskupstwa $#biskupstvá $#biskupství $#Diözesen $#diecezje $#diecézy $8--Trx--Bistümer $x09 $939136264X 
244Z/01 $2Trx $8--Trx--Zeitschriftenaufsatz $x10 $9391384341 
245Z/01 $a13.03 $x01 
245Z/01 $a04.02 $x02 
247C/01 $82080>Marburg/Lahn, Herder-Institut, Forschungsbibliothek, Bibliographieportal $9336309341
LEADER 00000caa a22000002c 4500
001 39359744X
003 DE-603
005 20240418142241.0
007 tu
008 161112s1999 xx |||| | u00||u|pol c
035 |a (DE-599)HEB39359744X 
040 |a DE-603  |b ger  |c DE-603  |d DE-603 
041 |a pol 
082 0 4 |8 1\u  |a 907.209438  |q DE-101  |2 23/BSB 
084 |a OST  |q DE-12  |2 fid 
084 |a 1  |a 7,41  |2 ssgn 
084 |a THEO  |q DE-21  |2 fid 
085 |8 1\u  |b 907.2 
085 |8 1\u  |z 2  |s 438 
085 |8 1\u  |z 2  |s 4382 
085 |8 1\u  |z 2  |s 43849 
100 1 |a Kujawski, Witold  |d 1938-2021  |0 (DE-603)517267446  |0 (DE-588)1326613898  |2 gnd 
245 0 0 |a Repertorium ksiąg wizytacyjnych diecezji kujawsko-pomorskiej przechowywanych w Archiwum Diecezjalnym we Włocławku  |b Cz. 2: Wizytacje XVIII wieku. Z. 1: Wizytacje pierwszej połowy XVIII wieku 
264 0 |c 1999 
500 |a T. 1 ebenda 68 (1997), 27-161 
500 |a Cz. 1 tenże 68 (1997), 27-161 <pol> 
500 |a dt. Res. 252: Das Verzeichnis der im Diözesanarchiv in Włocławek aufbewahrten Visitationsbücher der Diözese von Kujawien-Pommern [recte: Kujawien-Pommerellen]. T. 2: Visitation im 18. Jahrhundert. H. 1: Visitationen in der ersten Hälfte des 18. Jahrhunderts 
773 0 8 |i In  |t Archiwa, biblioteki i muzea kóscielne  |d Lublin, 1959-  |x 0518-3766  |g Band 71 (1999), Seite 141-252  |w (DE-603)047372273  |w (DE-600)221245-6 
924 0 |9 2080  |a (DE-603)789707918  |b DE-2080  |c HES  |d d  |g /